[Event "2nd SC 1400/1800"]
[Site "SchemingMind.com"]
[Date "2006.01.24"]
[Round "-"]
[White "dvaldez"]
[Black "spoke"]
[Result "1-0"]
[WhiteCountry "CAN"]
[BlackCountry "GER"]
[WhiteElo "1872"]
[WhiteRD "83"]
[BlackElo "1594"]
[BlackRD "65"]
[GameID "37085"]

1. d4 Nf6 2. c4 g6 3. Nc3 Bg7 4. e4 d6 5. f3 O-O 6. Be3 e5 7. Nge2 c5 8. dxe5 dxe5 9. Qxd8 Rxd8 10. Bg5 Be6
11. Nd5 Bxd5 12. cxd5 h6 13. Be3 Nbd7 14. Nc3 a6 15. a4 Ne8 16. Bc4 Nd6 17. b3 b5 18. Be2 Kh7 19. Kd2 h5 20. g4 hxg4
21. h4 b4 22. Na2 gxf3 23. Bxf3 f5 24. h5 f4 25. hxg6+ Kxg6 26. Rag1+ Kf6 27. Bf2 Rh8 28. Nc1 Rxh1 29. Rxh1 Rh8 30. Rxh8 Bxh8
31. Nd3 c4 32. Nxb4 cxb3 33. Kc3
1-0

[Event "2nd SC 1400/1800"]
[Site "SchemingMind.com"]
[Date "2006.01.24"]
[Round "-"]
[White "spoke"]
[Black "dvaldez"]
[Result "0-1"]
[WhiteCountry "GER"]
[BlackCountry "CAN"]
[WhiteElo "1594"]
[WhiteRD "65"]
[BlackElo "1872"]
[BlackRD "83"]
[GameID "37086"]

1. e4 c5 2. Nf3 d6 3. d4 cxd4 4. Nxd4 Nf6 5. Nc3 a6 6. f4 e6 7. Qf3 Be7 8. g4 d5 9. e5 Nfd7 10. Be3 Nc6
11. O-O-O Qc7 12. h4 Nxd4 13. Bxd4 b5 14. f5 Nxe5 15. Bxe5 Qxe5 16. fxe6 fxe6 17. Bd3 g5 18. Rde1 Qf4+ 19. Qxf4 gxf4 20. Rh2 b4
21. Na4 Rb8 22. Rhe2 Bxh4 23. Rxe6+ Bxe6 24. Rxe6+ Kf7 25. Rxa6 Rbe8 26. Rh6 Bg5 27. Rxh7+ Rxh7 28. Bxh7 f3+ 29. Kd1 f2
0-1

[Event "2nd SC 1400/1800"]
[Site "SchemingMind.com"]
[Date "2006.01.24"]
[Round "-"]
[White "capablanca"]
[Black "spoke"]
[Result "1-0"]
[WhiteCountry "GER"]
[BlackCountry "GER"]
[WhiteElo "1577"]
[WhiteRD "61"]
[BlackElo "1594"]
[BlackRD "65"]
[GameID "37088"]

1. e4 e5 2. f4 d5 3. exd5 e4 4. d3 Nf6 5. dxe4 Nxe4 6. Nf3 Bc5 7. Qe2 Bf5 8. Nc3 Qe7 9. Be3 Nxc3 10. Bxc5 Qxe2+
11. Bxe2 Nxe2 12. Kxe2 Nd7 13. Bd4 O-O-O 14. c4 Rhe8+ 15. Kf2 f6 16. Rae1 Be4 17. Re3 c5 18. Bc3 Bxf3 19. Rxe8 Rxe8 20. Kxf3 a6
21. Re1 Rxe1 22. Bxe1 b5 23. cxb5 axb5 24. Ke4 g6 25. g4 Kc7 26. f5 b4 27. fxg6 hxg6 28. h4 Nb6 29. b3 Nc8 30. Bg3+ Kd7
31. h5 gxh5 32. gxh5 Ne7 33. d6 f5+ 34. Ke5 Nc8 35. Kxf5 Nxd6+ 36. Bxd6
1-0

[Event "2nd SC 1400/1800"]
[Site "SchemingMind.com"]
[Date "2006.01.24"]
[Round "-"]
[White "capablanca"]
[Black "dvaldez"]
[Result "0-1"]
[WhiteCountry "GER"]
[BlackCountry "CAN"]
[WhiteElo "1577"]
[WhiteRD "61"]
[BlackElo "1872"]
[BlackRD "83"]
[GameID "37089"]

1. e4 c5 2. Nf3 d6 3. d4 cxd4 4. Nxd4 Nf6 5. Nc3 a6 6. Be3 e6 7. Bd3 Be7 8. f4 Qc7 9. g4 Nc6 10. g5 Nd7
11. Qh5 Nc5 12. Nxc6 Nxd3+ 13. cxd3 bxc6 14. f5 exf5 15. exf5 Bxf5 16. Rf1 Bg6 17. Qf3 O-O 18. h4 Bxd3 19. Rg1 d5 20. Bf4 Qb6
21. O-O-O Bb5 22. Be5 Bc5 23. Rh1 Be3+ 24. Kb1 a5 25. Nxb5 cxb5 26. Qxd5 Rad8 27. Qf3 Qg6+ 28. Ka1 Rxd1+ 29. Rxd1 Qc2 30. Rf1 Qc4
31. h5 Bxg5
0-1

[Event "2nd SC 1400/1800"]
[Site "SchemingMind.com"]
[Date "2006.01.24"]
[Round "-"]
[White "spoke"]
[Black "capablanca"]
[Result "1/2-1/2"]
[WhiteCountry "GER"]
[BlackCountry "GER"]
[WhiteElo "1594"]
[WhiteRD "65"]
[BlackElo "1577"]
[BlackRD "61"]
[GameID "37090"]

1. e4 e5 2. Nf3 Nc6 3. Bc4 Bc5 4. d3 h6 5. Nc3 d6 6. Be3 Bxe3 7. fxe3 Nf6 8. h3 Be6 9. Bxe6 fxe6 10. Qe2 Qe7
11. O-O-O O-O-O 12. Rhf1 Rhf8 13. Nh4 Qe8 14. g4 g5 15. Ng2 Nd7 16. Rxf8 Qxf8 17. Rf1 Qg7 18. Rf3 Rf8 19. Qf2 Rxf3 20. Qxf3 Qf8
21. Qxf8+=
1/2-1/2

[Event "2nd SC 1400/1800"]
[Site "SchemingMind.com"]
[Date "2006.01.25"]
[Round "-"]
[White "dvaldez"]
[Black "capablanca"]
[Result "1-0"]
[WhiteCountry "CAN"]
[BlackCountry "GER"]
[WhiteElo "1872"]
[WhiteRD "83"]
[BlackElo "1577"]
[BlackRD "61"]
[GameID "37091"]

1. e4 e5 2. Nf3 Nc6 3. d4 exd4 4. Nxd4 Nf6 5. Nc3 Bb4 6. Nxc6 Bxc3+ 7. bxc3 bxc6 8. Bd3 O-O 9. O-O h6 10. e5 Nd5
11. c4 Ne7 12. Qh5 Ng6 13. Bxg6 fxg6 14. Qxg6 Kh8 15. Bxh6 gxh6 16. Qxh6+ Kg8 17. Qg6+ Kh8 18. f4 Qe7 19. Rf3 d5 20. f5 Qg7
21. Rh3+ Kg8 22. Qxc6 Bxf5 23. Rg3 Bg4 24. Qxd5+ Kh8 25. h3 Rad8 26. Qc5 Rd1+ 27. Rxd1
1-0

[Event "2nd SC 1400/1800"]
[Site "SchemingMind.com"]
[Date "2006.01.26"]
[Round "-"]
[White "CHED"]
[Black "spoke"]
[Result "0-1"]
[WhiteCountry "USA"]
[BlackCountry "GER"]
[WhiteElo "1694"]
[WhiteRD "71"]
[BlackElo "1608"]
[BlackRD "69"]
[GameID "37334"]

1. Nf3 d5 2. g3 Nf6 3. Bg2 Nc6 4. O-O Bg4 5. d3 e6 6. Nbd2 Bd6 7. c4 O-O 8. b3 dxc4 9. bxc4 Qd7 10. Bb2 e5
11. Rb1 Rab8 12. Qc2 Nb4 13. Qb3 c5 14. Rfe1 Qc7 15. a3 Nc6 16. Qc2 Nd4 17. Nxd4 exd4 18. Nf3 b6 19. Bc1 h6 20. a4 a5
21. Bd2 Qd7 22. Rb2 Rfe8 23. e3 dxe3 24. Bxe3 Qf5 25. Nh4 Qd7 26. Rbb1 Bh3 27. Bh1 Ng4 28. Re2 Nxe3 29. Rxe3 Rxe3 30. fxe3 Re8
31. Kf2 Qe6 32. Qd2 Bc7 33. Bd5 Qf6+ 34. Nf3 Bg4= 35. Kg2 Bxf3+ 36. Bxf3 Be5 37. Rf1 Bc3 38. Qe2 Qe5 39. Be4 g6 40. Qf3 Re7
41. Rf2 Kg7 42. h4 f5 43. Bd5= Qxe3 44. Qxe3= Rxe3 45. Rf3 Re8 46. Bc6 Re7 47. Bb5 Kf6 48. g4 Bd2 49. gxf5 gxf5 50. Kf2 Be1+
51. Kg2 Bxh4 52. Bc6 Bg5 53. Kf2 f4 54. Be4 Ke5 55. Rh3 Kd4 56. Kf3 Kc3 57. Rh2 Kb3
0-1

[Event "2nd SC 1400/1800"]
[Site "SchemingMind.com"]
[Date "2006.01.26"]
[Round "-"]
[White "CHED"]
[Black "capablanca"]
[Result "1/2-1/2"]
[WhiteCountry "USA"]
[BlackCountry "GER"]
[WhiteElo "1694"]
[WhiteRD "71"]
[BlackElo "1615"]
[BlackRD "64"]
[GameID "37335"]

1. Nf3 Nf6 2. g3 g6 3. Bg2 Bg7 4. O-O O-O 5. d3 d5 6. Nbd2 c5 7. c4 d4 8. Nb3 Nbd7 9. Bf4 Nh5 10. Bg5 Qe8
11. e4 dxe3 12. Bxe3 b6 13. Nfd2 Rb8 14. Qc2 Bb7 15. Ne4 Nhf6 16. Nbd2 Ne5 17. Rad1 Qc8 18. Nxf6+ Bxf6 19. Ne4 Bg7 20. b3 Rd8
21. d4 cxd4 22. Bxd4 Qc7 23. Be3 Rd7 24. Rxd7 Nxd7 25. Rd1 Rd8= 26. Bg5 Re8 27. Qd3 Ne5= 28. Qe3 Rd8 29. Rxd8+= Qxd8 30. Qe2 Qd7
31. c5 Bxe4 32. Bxe4 bxc5 33. Be3 Qc8= 34. Qb5 c4 35. bxc4 Qxc4 36. Qe8+ Bf8 37. Bh6 Nd7 38. Bg2 Qxa2 39. Bc6 Qb1+ 40. Kg2 Qb8
41. Qxd7=
1/2-1/2

[Event "2nd SC 1400/1800"]
[Site "SchemingMind.com"]
[Date "2006.01.26"]
[Round "-"]
[White "CHED"]
[Black "dvaldez"]
[Result "0-1"]
[WhiteCountry "USA"]
[BlackCountry "CAN"]
[WhiteElo "1694"]
[WhiteRD "71"]
[BlackElo "1908"]
[BlackRD "81"]
[GameID "37336"]

1. Nf3 Nf6 2. g3 d5 3. Bg2 c5 4. O-O e6 5. d3 Be7 6. Nbd2 O-O 7. c4 Nc6 8. a3 b6 9. cxd5 exd5 10. Re1 Bg4
11. h3 Bh5 12. Nf1 Qd7 13. N1h2 Rad8 14. Bf4 Rfe8 15. Rc1 d4 16. g4 Bg6 17. Bg3 Bd6 18. Bh4 Bf4 19. Rc2 Qd6 20. Nf1 h5
21. g5 Nd7 22. Bg3 Bf5 23. h4 g6 24. b3 Be6 25. Rb2 a5 26. Qc2 Bd5 27. N3h2 Bxg2 28. Kxg2 Nf8 29. Nf3 Ne6 30. Qc4 Nc7
31. Bxf4 Qxf4 32. Ng3 Nd5 33. Rh1 Qg4 34. Kf1 Ne3+ 35. fxe3 Qxg3 36. e4 Ne5 37. Nxe5 Rxe5 38. a4 Kg7 39. Qc1 Rd6 40. Qe1 Qf4+
41. Kg2 f6 42. gxf6+ Rxf6 43. Rh3 g5 44. hxg5 Rxg5+ 45. Kh1 Qg4 46. Rh2 Rfg6 47. Rb1 h4 48. Qf1 Qg3 49. Qf2 h3 50. Rf1 Qxf2
51. Rhxf2 Rg2 52. e5 Kh6 53. Rf6 Rxe2 54. e6 Rxe6 55. Rxg6+ Kxg6 56. Rf3 Re3
0-1

[Event "2nd SC 1400/1800"]
[Site "SchemingMind.com"]
[Date "2006.01.26"]
[Round "-"]
[White "spoke"]
[Black "CHED"]
[Result "1/2-1/2"]
[WhiteCountry "GER"]
[BlackCountry "USA"]
[WhiteElo "1594"]
[WhiteRD "65"]
[BlackElo "1688"]
[BlackRD "75"]
[GameID "37337"]

1. e4 d6 2. d4 Nf6 3. Bd3 g6 4. c4 Bg7 5. Ne2 O-O 6. O-O Nbd7 7. Nbc3 c5 8. d5 Ne5 9. Bf4 Nxd3 10. Qxd3 a6
11. a3 Ng4 12. b3 Bd7 13. f3 Ne5 14. Qd2 b5 15. Rab1 bxc4 16. Bxe5 Bxe5 17. bxc4 Qc7 18. f4 Bg7 19. Rb3 Rfb8 20. Rfb1 e6
21. Qb2 Rxb3 22. Qxb3 exd5 23. Nxd5 Qd8 24. Qb6 Bg4 25. Qxd8+ Rxd8 26. Kf2 Re8 27. Ng3 Bd4+ 28. Kf1 Kg7 29. h3 Bd7 30. Rb7 Bc8
31. Rb6 Rd8 32. Nc7 a5 33. Nb5 Bb2 34. a4 Be6 35. Nxd6 Bc3 36. e5 Bb4 37. Nge4 h6 38. Kf2 Bd7 39. Rb7 Be6=
1/2-1/2

[Event "2nd SC 1400/1800"]
[Site "SchemingMind.com"]
[Date "2006.01.26"]
[Round "-"]
[White "capablanca"]
[Black "CHED"]
[Result "0-1"]
[WhiteCountry "GER"]
[BlackCountry "USA"]
[WhiteElo "1577"]
[WhiteRD "61"]
[BlackElo "1688"]
[BlackRD "75"]
[GameID "37338"]

1. e4 d6 2. d4 Nf6 3. Nc3 g6 4. f4 Bg7 5. Nf3 O-O 6. Bc4 Nbd7 7. O-O c5 8. e5 dxe5 9. dxe5 Ng4 10. h3 Nh6
11. Be3 Nf5 12. Bf2 e6 13. Ne4 b6 14. Nd6 Nxd6 15. Qxd6 Qe8 16. Bh4 Kh8 17. Be7 Rg8 18. Ng5 Bf8 19. Bxf8 Rxf8 20. Bb5 a6
21. Bc6 Ra7 22. Rad1 Qd8 23. Ne4 Qh4 24. Kh2 Rd8 25. g3 Qh5 26. Bxd7 Raxd7 27. Qxd7 Rxd7 28. Rxd7 Bxd7 29. Nf6 Qe2+
0-1

[Event "2nd SC 1400/1800"]
[Site "SchemingMind.com"]
[Date "2006.01.26"]
[Round "-"]
[White "dvaldez"]
[Black "CHED"]
[Result "1-0"]
[WhiteCountry "CAN"]
[BlackCountry "USA"]
[WhiteElo "1872"]
[WhiteRD "83"]
[BlackElo "1688"]
[BlackRD "75"]
[GameID "37339"]

1. e4 d6 2. d4 Nf6 3. Nc3 g6 4. Nf3 Bg7 5. Bc4 O-O 6. h3 Nbd7 7. O-O c5 8. Be3 b6 9. e5 dxe5 10. dxe5 Ne8
11. e6 fxe6 12. Bxe6+ Kh8 13. Qd2 Qc7 14. Nb5 Qc6 15. Bd5 Qxb5 16. Bxa8 Nef6 17. a4 Qc4 18. b3 Qe6 19. Ng5 Ba6 20. Nxe6
1-0

[Event "2nd SC 1400/1800"]
[Site "SchemingMind.com"]
[Date "2006.01.27"]
[Round "-"]
[White "willygor"]
[Black "spoke"]
[Result "1/2-1/2"]
[WhiteCountry "ARG"]
[BlackCountry "GER"]
[WhiteElo "1672"]
[WhiteRD "64"]
[BlackElo "1594"]
[BlackRD "65"]
[GameID "37459"]

1. e4 e5 2. Nf3 Nc6 3. Bb5 Bb4 4. Bxc6 dxc6 5. c3 Bd6 6. d4 Bg4 7. dxe5 Bxf3 8. Qxf3 Bxe5 9. O-O Nf6 10. Bg5 O-O
11. Rd1 Qe7 12. Nd2 h6 13. Be3 Rfd8 14. Nc4 Bd6 15. e5 Bxe5 16. Nxe5 Qxe5 17. Bd4 Qe4 18. Qg3 Qg4 19. Qxg4 Nxg4 20. f3 Nf6
21. Bxf6 gxf6 22. Kf2 Rd6 23. Re1 Rad8 24. Re2 Kf8 25. Kg3 Rd2 26. Rae1 c5 27. Kf4 b5 28. g4 c6 29. h4 c4 30. Ke3 R8d3+
31. Kf2 c5 32. Rxd2 Rxd2+ 33. Re2 Rxe2+=
1/2-1/2

[Event "2nd SC 1400/1800"]
[Site "SchemingMind.com"]
[Date "2006.01.27"]
[Round "-"]
[White "willygor"]
[Black "capablanca"]
[Result "1/2-1/2"]
[WhiteCountry "ARG"]
[BlackCountry "GER"]
[WhiteElo "1678"]
[WhiteRD "65"]
[BlackElo "1615"]
[BlackRD "64"]
[GameID "37460"]

1. e4 e5 2. Nf3 Nc6 3. Bc4 Bc5 4. Nc3 Nf6 5. a3 d6 6. d3 h6 7. Nd5 Bg4 8. c3 a6 9. b4 Ba7 10. O-O O-O
11. Be3 b5 12. Ba2 Nd7 13. Bxa7 Rxa7 14. h3 Be6 15. Qe2 Ne7 16. d4 Bxd5 17. exd5 exd4 18. Nxd4 Ne5 19. f4 Nd7 20. f5 Re8
21. Qf2 Nf6 22. Rae1 Ra8 23. Rxe7 Rxe7 24. Nc6 Qe8 25. Nxe7+ Qxe7 26. Re1 Qd7 27. Qf3 Re8 28. Rxe8+= Qxe8 29. c4 Qe4 30. Kf1 bxc4
31. Qxe4 Nxe4 32. Ke1 c3 33. Bb1 Nf6=
1/2-1/2

[Event "2nd SC 1400/1800"]
[Site "SchemingMind.com"]
[Date "2006.01.27"]
[Round "-"]
[White "willygor"]
[Black "dvaldez"]
[Result "1-0"]
[WhiteCountry "ARG"]
[BlackCountry "CAN"]
[WhiteElo "1672"]
[WhiteRD "64"]
[BlackElo "1872"]
[BlackRD "83"]
[GameID "37461"]

1. e4 c5 2. f4 d6 3. Bb5+ Bd7 4. Bxd7+ Nxd7 5. Nf3 g6 6. Nc3 Bg7 7. O-O e6 8. d3 Ne7 9. d4 cxd4 10. Nxd4 Qb6
11. Be3 Qxb2 12. Qd2 Nc5 13. Rab1 Qa3 14. Ncb5 Nxe4 15. Qe1 Qc5 16. Nxe6 Qxc2 17. Nec7+ Kd7 18. Nxa8 Rxa8 19. Nd4 Qc7 20. Qb4 Nc5
21. Rfd1 Nd5 22. Qa3 Nxe3 23. Qxe3 Re8 24. Qh3+ Kd8 25. Nb5 Qe7 26. Nxd6 Qe3+ 27. Qxe3 Rxe3 28. Nc4+ Rd3 29. Rxd3+ Nxd3 30. Rd1
1-0

[Event "2nd SC 1400/1800"]
[Site "SchemingMind.com"]
[Date "2006.01.27"]
[Round "-"]
[White "willygor"]
[Black "CHED"]
[Result "0-1"]
[WhiteCountry "ARG"]
[BlackCountry "USA"]
[WhiteElo "1678"]
[WhiteRD "65"]
[BlackElo "1694"]
[BlackRD "71"]
[GameID "37462"]

1. e4 d6 2. d4 Nf6 3. Nc3 g6 4. Nf3 Bg7 5. Bd3 O-O 6. h3 Nbd7 7. O-O c5 8. e5 dxe5 9. dxe5 Ne8 10. Re1 Qc7
11. Nd5 Qd8 12. Bg5 f6 13. exf6 Nexf6 14. Nxe7+ Kh8 15. Qd2 Rf7 16. Nxc8 Rxc8 17. Bb5 Qc7 18. Bc4 Rff8 19. Be6 Rcd8 20. Rad1 Ne5
21. Nxe5 Rxd2 22. Rxd2 c4 23. Bxc4 a6 24. Bb3 Qa5 25. Red1 Qxe5 26. Rd8 Qxg5 27. R8d3 Ne4 28. f3 Ng3 29. Rd5 Qe3+ 30. Kh2 Be5
31. R5d3 Qf2 32. f4 Bxf4 33. Rf3 Ne2+ 34. Kh1 Qc5 35. Rd5 Qg1#
0-1

[Event "2nd SC 1400/1800"]
[Site "SchemingMind.com"]
[Date "2006.01.27"]
[Round "-"]
[White "spoke"]
[Black "willygor"]
[Result "1/2-1/2"]
[WhiteCountry "GER"]
[BlackCountry "ARG"]
[WhiteElo "1594"]
[WhiteRD "65"]
[BlackElo "1672"]
[BlackRD "64"]
[GameID "37463"]

1. e4 e5 2. Nf3 Nc6 3. Bc4 h6 4. d4 exd4 5. Nxd4 Nxd4 6. Qxd4 d6 7. Nc3 Be6 8. O-O Bxc4 9. Qxc4 Nf6 10. Bf4 Be7
11. e5 dxe5 12. Bxe5 c6 13. Rad1 Qc8 14. Rfe1 O-O 15. Bd6 Bxd6 16. Rxd6 Qf5 17. Ne4 Nxe4 18. Qxe4 Qxe4 19. Rxe4 Rfd8 20. Red4 Rxd6
21. Rxd6 Re8 22. Kf1 Re7=
1/2-1/2

[Event "2nd SC 1400/1800"]
[Site "SchemingMind.com"]
[Date "2006.02.01"]
[Round "-"]
[White "capablanca"]
[Black "willygor"]
[Result "1-0"]
[WhiteCountry "GER"]
[BlackCountry "ARG"]
[WhiteElo "1615"]
[WhiteRD "64"]
[BlackElo "1678"]
[BlackRD "65"]
[GameID "37464"]

1. e4 e5 2. Nf3 Nc6 3. Bc4 h6 4. d4 exd4 5. Nxd4 Nxd4 6. Qxd4 d6 7. O-O c5 8. Qd1 Be7 9. Nc3 Nf6 10. Bf4 O-O
11. Re1 a6 12. Nd5 Nxd5 13. Bxd5 Qc7 14. Qf3 Be6 15. Qg3 g5 16. h4 Bxd5 17. exd5 f6 18. Re6 Kf7 19. hxg5 fxg5 20. Bd2 Rae8
21. Qf3+ Kg7 22. Bc3+ Kg8 23. Qh5 Bf6 24. Rxe8 Qg7 25. Bxf6 Qxf6 26. Rxf8+
1-0

[Event "2nd SC 1400/1800"]
[Site "SchemingMind.com"]
[Date "2006.01.27"]
[Round "-"]
[White "dvaldez"]
[Black "willygor"]
[Result "1/2-1/2"]
[WhiteCountry "CAN"]
[BlackCountry "ARG"]
[WhiteElo "1872"]
[WhiteRD "83"]
[BlackElo "1672"]
[BlackRD "64"]
[GameID "37465"]

1. e4 e5 2. Nf3 Nc6 3. Bb5 d6 4. c3 Bg4 5. h3 Bd7 6. O-O Nf6 7. Re1 a6 8. Ba4 Be7 9. d4 O-O 10. Nbd2 b5
11. Bb3 Qc8 12. Nf1 Ne8 13. Ng3 a5 14. a4 b4 15. Bd5 Ra7 16. Bxc6 Bxc6 17. dxe5 bxc3 18. bxc3 Bd7 19. exd6 Nxd6 20. Ba3 Re8
21. e5 Nf5 22. Nxf5 Bxa3 23. Nh6+ gxh6 24. Rxa3 Ra6 25. Nd4 Rg6 26. Kh2 Qb7 27. Qf3 Qc8 28. c4 c5 29. Nb5 Bc6 30. Na7 Bxf3
31. Nxc8 Rxg2+ 32. Kh1 Rxf2+ 33. Kg1 Rg2+ 34. Kf1 Rxc8 35. Rxf3 Ra2 36. Re4 Rc6 37. Ref4 Rxa4 38. Rxf7 Rxc4 39. Ra7 Re6 40. Rff7 Rxe5
41. Rg7+ Kh8 42. Rxh7+ Kg8 43. Rhg7+ Kh8 44. Rh7+=
1/2-1/2

[Event "2nd SC 1400/1800"]
[Site "SchemingMind.com"]
[Date "2006.01.27"]
[Round "-"]
[White "CHED"]
[Black "willygor"]
[Result "1/2-1/2"]
[WhiteCountry "USA"]
[BlackCountry "ARG"]
[WhiteElo "1688"]
[WhiteRD "75"]
[BlackElo "1672"]
[BlackRD "64"]
[GameID "37466"]

1. Nf3 Nf6 2. g3 Nc6 3. Bg2 e5 4. d3 d5 5. O-O Bg4 6. Nbd2 Be7 7. c4 O-O 8. cxd5 Nxd5 9. Qb3 Nb6 10. Ne4 Bxf3
11. Bxf3 Nd4 12. Qc3 Nxf3+ 13. exf3 f6 14. Be3 Nd5 15. Qb3 b6 16. Nc3 c6 17. d4 exd4 18. Bxd4 Kh8 19. Rad1 Qc7 20. Nxd5 cxd5
21. Qxd5 Rad8 22. Qb3 Rd7 23. Be3 Rfd8 24. Bf4 Qb7 25. a3 h6 26. Be3 Qxf3 27. Rxd7 Rxd7 28. Qb5 Qb7 29. Qf5=
1/2-1/2

[Event "2nd SC 1400/1800"]
[Site "SchemingMind.com"]
[Date "2006.01.27"]
[Round "-"]
[White "LittleBigHorse"]
[Black "spoke"]
[Result "0-1"]
[WhiteCountry "IRL"]
[BlackCountry "GER"]
[WhiteElo "1454"]
[WhiteRD "101"]
[BlackElo "1658"]
[BlackRD "66"]
[GameID "37479"]

1. c4 c5 2. Nf3 Nc6 3. Nc3 Nf6 4. g3 e6 5. Bg2 d5 6. cxd5 exd5 7. d4 b6 8. O-O Be7 9. Bg5 O-O 10. Rc1 c4
11. b3 h6 12. Bf4 Nh5 13. Be3 Ba3 14. Rc2 cxb3 15. axb3 Bf5 16. Ra2 Bb4 17. Qa1 Na5 18. Nd2 Rc8 19. Rc1 Qd7 20. Qb2 Qc7
21. Ndb1 Bxb1 22. Qxb1 Bxc3 23. Bd2 Qd6 24. Bxc3 Nc6 25. e3 Nf6 26. Bd2 a5 27. Rcc2 Ne4 28. Be1 Nb4 29. Rxc8 Rxc8 30. Rb2 f5
31. Bf1 Qc6 32. Kg2 Nc2 33. Qc1 Nxe1+ 34. Qxe1 Qc1 35. Qxc1 Rxc1 36. Bb5 Kf7 37. Bd3 Ke6 38. h4 g5 39. hxg5 hxg5 40. f3 Nd6
41. Kf2 b5 42. Kg2 Rc3 43. Be2 Rxe3 44. Kf2 Rc3 45. Kg2 a4 46. bxa4 bxa4 47. Ra2 a3 48. Kf2 f4 49. g4 Nc4 50. Bxc4 dxc4
51. Ke2 Kd5 52. Rd2 Re3+
0-1

[Event "2nd SC 1400/1800"]
[Site "SchemingMind.com"]
[Date "2006.01.27"]
[Round "-"]
[White "LittleBigHorse"]
[Black "willygor"]
[Result "0-1"]
[WhiteCountry "IRL"]
[BlackCountry "ARG"]
[WhiteElo "1492"]
[WhiteRD "120"]
[BlackElo "1678"]
[BlackRD "65"]
[GameID "37480"]

1. c4 e5 2. Nc3 Nf6 3. Nf3 Nc6 4. g3 Bb4 5. Bg2 Bxc3 6. bxc3 d6 7. O-O O-O 8. d3 h6 9. Rb1 Rb8 10. h3 Ne7
11. Be3 b6 12. Nd2 Nh7 13. f4 f5 14. Kh2 Qe8 15. Qc2 Ng6 16. fxe5 dxe5 17. Qb3 Be6 18. Qb5 Qe7 19. Rb3 f4 20. gxf4 exf4
21. Bf2 Nf6 22. Nf3 Bd7 23. Qa6 Qxe2 24. Qxa7 Qxd3 25. Qxc7 Rfc8 26. Qa7 Bc6 27. Qa6 Bxf3
0-1

[Event "2nd SC 1400/1800"]
[Site "SchemingMind.com"]
[Date "2006.01.27"]
[Round "-"]
[White "LittleBigHorse"]
[Black "capablanca"]
[Result "0-1"]
[WhiteCountry "IRL"]
[BlackCountry "GER"]
[WhiteElo "1454"]
[WhiteRD "101"]
[BlackElo "1599"]
[BlackRD "61"]
[GameID "37481"]

1. c4 c5 2. Nf3 Nf6 3. Nc3 Nc6 4. g3 g6 5. Bg2 Bg7 6. O-O O-O 7. d4 cxd4 8. Nxd4 Nxd4 9. Qxd4 d6 10. Qd3 Rb8
11. Rd1 Bf5 12. e4 Be6 13. Be3 a6 14. Rac1 Nd7 15. b3 Ne5 16. Qe2 Bg4 17. f3 Bd7 18. Nd5 b5 19. c5 dxc5 20. Bxc5 Re8
21. Qe3 Qa5 22. Nb4 e6 23. f4 Ng4 24. Qe2 Nf6 25. e5 Nd5 26. Nxd5 exd5 27. Bxd5 Be6 28. Bxe6 Rxe6 29. Rd6 Bf8 30. Rxe6 fxe6
31. Bd6 Qb6+ 32. Qf2 Bxd6 33. exd6 Qxd6 34. Qe2 Rd8 35. Re1 Kf7 36. Kf2 Qd4+ 37. Qe3 Qb2+ 38. Re2 Qf6= 39. Qa7+ Ke8
0-1

[Event "2nd SC 1400/1800"]
[Site "SchemingMind.com"]
[Date "2006.01.27"]
[Round "-"]
[White "LittleBigHorse"]
[Black "dvaldez"]
[Result "0-1"]
[WhiteCountry "IRL"]
[BlackCountry "CAN"]
[WhiteElo "1492"]
[WhiteRD "120"]
[BlackElo "1908"]
[BlackRD "81"]
[GameID "37482"]

1. Nf3 Nf6 2. c4 e6 3. g3 c5 4. Bg2 Nc6 5. d4 cxd4 6. Nxd4 a6 7. O-O Be7 8. Nc3 O-O 9. e4 d6 10. Be3 Qc7
11. Rc1 Bd7 12. f4 Rac8 13. Qe2 Nxd4 14. Bxd4 Qxc4 15. Qxc4 Rxc4 16. Rfd1 Rfc8 17. b3 R4c7 18. Bxf6 Bxf6 19. e5 dxe5 20. fxe5 Bxe5
21. Rd3 Bb5 22. Rf3 Bxc3
0-1

[Event "2nd SC 1400/1800"]
[Site "SchemingMind.com"]
[Date "2006.01.27"]
[Round "-"]
[White "LittleBigHorse"]
[Black "CHED"]
[Result "0-1"]
[WhiteCountry "IRL"]
[BlackCountry "USA"]
[WhiteElo "1492"]
[WhiteRD "120"]
[BlackElo "1694"]
[BlackRD "71"]
[GameID "37483"]

1. c4 Nf6 2. Nc3 g6 3. g3 Bg7 4. Bg2 O-O 5. Nf3 d6 6. O-O Nc6 7. d4 a6 8. Re1 Bg4 9. Bf4 Nh5 10. Bg5 Rb8
11. Qd2 Qd7 12. d5 Nd8 13. Rac1 e5 14. e4 Bh3 15. Bh1 f5 16. Be3 f4
0-1

[Event "2nd SC 1400/1800"]
[Site "SchemingMind.com"]
[Date "2006.01.27"]
[Round "-"]
[White "spoke"]
[Black "LittleBigHorse"]
[Result "1/2-1/2"]
[WhiteCountry "GER"]
[BlackCountry "IRL"]
[WhiteElo "1621"]
[WhiteRD "70"]
[BlackElo "1464"]
[BlackRD "110"]
[GameID "37484"]

1. e4 e6 2. d4 d5 3. Nc3 Bb4 4. e5 b6 5. Qg4 Bf8 6. Bd3 f5 7. Qh5+ g6 8. Qe2 c5 9. Bb5+ Bd7 10. Nf3 Bxb5
11. Nxb5 a6 12. Bg5 Qd7 13. Nc3 b5 14. a3 c4 15. O-O Bg7 16. b3 Nc6 17. bxc4 bxc4 18. Rfb1 h6 19. Bd2 g5 20. Na4 Qc7
21. Nc5 Nd8 22. Ra2 Rb8 23. Rab2 Rxb2 24. Rxb2 Ne7 25. Nxa6 Qa7 26. Nb4 Ndc6 27. Nxc6 Nxc6 28. Bb4 Nxb4 29. Rxb4 Qxa3 30. Qe1 O-O
31. Qb1 Ra8 32. Kf1 Qa1 33. Ke2 Qxb1 34. Rxb1=
1/2-1/2

[Event "2nd SC 1400/1800"]
[Site "SchemingMind.com"]
[Date "2006.01.27"]
[Round "-"]
[White "willygor"]
[Black "LittleBigHorse"]
[Result "1-0"]
[WhiteCountry "ARG"]
[BlackCountry "IRL"]
[WhiteElo "1678"]
[WhiteRD "65"]
[BlackElo "1492"]
[BlackRD "120"]
[GameID "37485"]

1. e4 e6 2. f4 d5 3. e5 c5 4. Bb5+ Bd7 5. Bxd7+ Nxd7 6. Nf3 Ne7 7. O-O Nc6 8. d3 Be7 9. Nc3 O-O 10. Kh1 f6
11. Qe2 Rc8 12. Bd2 a6 13. a3 Qc7 14. Rae1 f5 15. Ng5 Nd4 16. Qd1 h6 17. Nf3 Nxf3 18. Qxf3 d4 19. Ne2 Rf7 20. g4 Nf8
21. gxf5 exf5 22. Ng3 Ne6 23. Rg1 Qc6 24. Qxc6 Rxc6 25. b3 b5 26. a4 b4 27. Rg2 a5 28. Reg1= Bf8 29. Nh5 Rcc7 30. Rg6 Rce7
31. Rxh6
1-0

[Event "2nd SC 1400/1800"]
[Site "SchemingMind.com"]
[Date "2006.02.01"]
[Round "-"]
[White "capablanca"]
[Black "LittleBigHorse"]
[Result "1-0"]
[WhiteCountry "GER"]
[BlackCountry "IRL"]
[WhiteElo "1599"]
[WhiteRD "61"]
[BlackElo "1454"]
[BlackRD "101"]
[GameID "37486"]

1. e4 e5 2. Nf3 Nf6 3. Nxe5 d6 4. Nf3 Nxe4 5. Qe2 Qe7 6. d3 Nf6 7. Bg5 Qxe2+ 8. Bxe2 Be7 9. O-O O-O 10. Nc3 Nc6
11. Nb5 Ne8 12. Bxe7 Nxe7 13. Rfe1 a6 14. Nc3 Bd7 15. d4 Nf6 16. Bxa6 Rxa6 17. Rxe7 Re8 18. Rae1 Raa8 19. Rxe8+ Rxe8 20. Rxe8+ Bxe8
21. Kf1 Kf8 22. Ke2 Ke7 23. h3 Bc6 24. Ne1 Nd5 25. Nxd5+ Bxd5 26. b3 b5 27. f3 h6 28. Nd3 Kd7 29. Nb4 Ke6 30. Nxd5 Kxd5
31. Kd3 c5 32. c4+ bxc4+ 33. bxc4+ Kc6 34. dxc5 Kxc5 35. a4 Kb4 36. Kd4 Kxa4 37. Kd5 Kb4 38. Kxd6 Kxc4 39. Ke7 Kd4 40. Kxf7
1-0

[Event "2nd SC 1400/1800"]
[Site "SchemingMind.com"]
[Date "2006.01.27"]
[Round "-"]
[White "dvaldez"]
[Black "LittleBigHorse"]
[Result "1-0"]
[WhiteCountry "CAN"]
[BlackCountry "IRL"]
[WhiteElo "1908"]
[WhiteRD "81"]
[BlackElo "1492"]
[BlackRD "120"]
[GameID "37487"]

1. e4 c6 2. d4 d5 3. Nc3 dxe4 4. Nxe4 Nd7 5. Bc4 e6 6. Nf3 h6 7. Qe2 Ngf6 8. Ng3 Nb6 9. Bd3 c5 10. c3 Qc7
11. dxc5 Bxc5 12. O-O O-O 13. b4 Bd6 14. Bb2 Nbd5 15. Ne4 Nxe4 16. Qxe4 Nf6 17. Qh4 b6 18. c4 Be7 19. a3 Bb7 20. Ne5 Rad8
21. Rad1 a6 22. Rfe1 Rfe8 23. Ng4 Qc6 24. f3 Nd7 25. Nxh6+ gxh6 26. Qxh6 Nf6 27. Bxf6 Bxf6 28. Bh7+
1-0